Infekcie náhrad kĺbov

Bibliographic Details
Main Authors: Kotulová, Daniela, 1939- (Author), Longauerová, A. (Author), Slobodníková, Lívia, 1965- (Author)
Format: Article
Language:Slovak
ISSN:1335-8219
Subjects:

MARC

LEADER 00000nab a2200000 a 4500
001 vtls000861716
003 SK-MaSNL
005 20260516085311.0
008 141122c2003 xo 0 slo
015 |a SNBRB2004/02-04808 
035 |a CLN000213309 
040 |a SNKBUCL  |b slo  |c SNKBUCL  |e AACR2 
041 0 |a slo 
044 |a xo  |c SK 
080 |a 616.72-089.84-06:061.3  |2 1997 
100 1 |a Kotulová, Daniela,  |d 1939-  |4 aut  |9 150799 
245 1 0 |a Infekcie náhrad kĺbov  |c D. Kotulová, A. Longauerová, L. Slobodníková 
650 0 7 |a komplikácie pooperačné  |2 MESH  |9 839250 
650 0 7 |a artroplastika  |2 MESH  |9 15762 
650 0 7 |a infekcie  |2 MESH  |9 685 
650 0 7 |a abstrakty z kongresu  |2 MESH  |9 168204 
655 7 |a články z novín a časopisov  |2 snkbucl  |9 267496 
700 1 |a Longauerová, A.  |4 aut  |9 433595 
700 1 |a Slobodníková, Lívia,  |d 1965-  |4 aut  |9 224229 
773 0 |t Správy klinickej mikrobiológie  |g Roč. 3, supl. C (2003), s. 14  |x 1335-8219 
850 |a Slovenská národná knižnica v Martine 
852 |a SNK  |b KIS3GCP 
958 |a MI 
999 |c 2546498  |d 2548428